Changing role of digital librarian/ (Record no. 8425)

MARC details
000 -LEADER
fixed length control field 00606 a2200181 4500
010 ## - LCCN (DPL NO)
LC control number ENG-88452
020 ## - INTERNATIONAL STANDARD BOOK NUMBER
International Standard Book Number 8189652869
Terms of availability 695.00
035 ## - SYSTEM CONTROL NUMBER
System control number EN-71985
037 ## - SOURCE OF ACQUISITION
Source of stock number/acquisition DBAD / PUB
082 14 - DEWEY DECIMAL CLASSIFICATION NUMBER
Classification number 025.00285
100 ## - MAIN ENTRY--PERSONAL NAME
Personal name Sinha, Kamla
245 1# - TITLE STATEMENT
Title Changing role of digital librarian/
Statement of responsibility, etc by Kamla Sinha
260 ## - PUBLICATION, DISTRIBUTION, ETC. (IMPRINT)
Place of publication, distribution, etc Delhi
Name of publisher, distributor, etc Vista International Publishing House
Date of publication, distribution, etc 2007
270 ## - ADDRESS
Address V-196, Near Shiv Sadhna Mandir, C-11, Yamuna Vihar,
State or province Delhi
Postal code 110 053
300 ## - PHYSICAL DESCRIPTION
Extent viii, 285p.
Dimensions 22cm (Hb)
500 ## - GENERAL NOTE
General note Includes bibliographical references and index
942 ## - ADDED ENTRY ELEMENTS (KOHA)
Institution code [OBSOLETE] dpl
Item type English Books
Source of classification or shelving scheme Dewey Decimal Classification
Classification part 025.00285
Call number suffix SIN
Holdings
Withdrawn status Lost status Not for loan Collection code Home library Current library Source of acquisition Cost, normal purchase price Full call number Barcode Copy number Cost, replacement price Koha item type
    Not For Loan Non-fiction D.B.Act.Division D.B.Act.Division DBAD/PUB 695.00 025.00285 SIN EN-71985 1 695.00 English Books

© Delhi Public Library
Hit Counter
free hit counter